Do nového jara valčíková píseň /

Hlavní autor: Plichta, Jan, 1898-1969
Další autoři: Milan, Pavel, 1898-1969, Bárová, Viktorka
Jazyk: Čeština
Vydáno: Brno : Stožický, 1940
Fyzický popis: 1 sv. (nestránkován)
Hudebniny Hudebniny
Uloženo v:
LEADER 00852ncm a22002412a 4500
001 000342163
003 CZ BrMZK
005 20111012161455.0
007 qu
008 980105s1940 xr f cze d
040 |a BOA001  |b cze 
072 7 |a 784  |x Vokální hudba  |2 Konspekt  |9 9 
100 1 |a Plichta, Jan,  |d 1898-1969  |7 xx0007958  |4 cmp 
245 1 0 |a Do nového jara  |h [hudebnina] :  |b valčíková píseň /  |c hudba Jan Plichta, Pavel Milan ; slova Viktorka Bárová 
260 |a Brno :  |b Stožický,  |c 1940 
300 |a 1 sv. (nestránkován) 
500 |a Značkovaný zpěv 
700 1 |a Milan, Pavel,  |d 1898-1969  |7 jo2009480565  |4 cmp 
700 1 |a Bárová, Viktorka  |7 mzk2011664525  |4 lyr 
910 |a BOA001  |b Mus1-0587.074 
990 |a MU 
991 |b 200912 
996 6 |b 2619853152  |c Mus1-0587.074  |l MZK  |r Sklad / do 1 hodiny  |n 1  |w 000342163  |u 000010  |a 1  |e BOA001  |j MZK50  |s P